| 000 | 00405cam a2200181ua 4500 | ||
|---|---|---|---|
| 020 | _cRs. 18.00 | ||
| 041 |
_aeng _h |
||
| 082 |
_a539.7 _bLOC/HI |
||
| 100 | _aLock, W O . | ||
| 245 | _aHigh energy nuclear physics | ||
| 250 |
_a1 / _b. |
||
| 260 |
_aLondon : _bMehuen & Co Ltd , _c1960. |
||
| 300 | _a190 ; . | ||
| 365 | _aRs. 18.00 | ||
| 504 | _a | ||
| 942 | _cBK | ||
| 999 |
_c1612 _d1612 |
||